The book of Mormon (Record no. 125400)

MARC details
000 -LEADER
campo de control de longitud fija 00833nam a2200217 i 4500
001 - NÚMERO DE CONTROL
campo de control 125400
003 - IDENTIFICADOR DE NÚMERO DE CONTROL
campo de control ES-MaACL
005 - FECHA Y HORA DE LA ÚLTIMA TRANSACCIÓN
campo de control 20250831094227.0
007 - CAMPO FIJO DE DESCRIPCIÓN FÍSICA--INFORMACIÓN GENERAL
campo de control de longitud fija t|
008 - DATOS DE LONGITUD FIJA--INFORMACIÓN GENERAL
campo de control de longitud fija 070608s1961 xxua |||| | eng d
080 ## - NÚMERO DE LA CLASIFICACIÓN DECIMAL UNIVERSAL
Número de la Clasificación Decimal Universal 289.3
245 04 - MENCIÓN DEL TÍTULO
Título The book of Mormon
Resto del título : an account /
Mención de responsabilidad, etc. written by the hand of Mormon upon plates taken from the Plates of Nephi ; translated by Joseph Smith, Jr.
246 3# - FORMA VARIANTE DEL TITULO
Título propio/Titulo breve Book of Mormon
260 ## - PUBLICACIÓN, DISTRIBUCIÓN, ETC.
Lugar de publicación, distribución, etc. Salt Lake City (Utah) :
Nombre del editor, distribuidor, etc. Church of Jesus Christ of Latter-Day Saints,
Fecha de publicación, distribución, etc. 1961.
300 ## - DESCRIPCIÓN FÍSICA
Extensión 558 p. :
Otras características físicas il. col. ;
Dimensiones 18 cm.
500 ## - NOTA GENERAL
Nota general Índice: p. 525-558.
700 1# - ENTRADA AGREGADA--NOMBRE PERSONAL
Nombre de persona Smith, Joseph,
Fechas asociadas al nombre 1805-1844
9 (RLIN) 148627
710 2# - ENTRADA AGREGADA--NOMBRE DE ENTIDAD CORPORATIVA
Nombre de entidad corporativa o nombre de jurisdicción como elemento de entrada Iglesia de Jesucristo de los Santos de los Últimos Días
9 (RLIN) 6949
852 ## - LOCALIZACIÓN
Ubicación ES-MaACL
Número de control de estantería E-11650
Nota libre . - Biblioteca Jacinto Martínez Lacalle
Holdings
Estatus retirado Estado de pérdida Estado de daño No para préstamo Biblioteca de origen Biblioteca actual Ubicación en estantería Fecha de adquisición Fuente de adquisición Total de préstamos Signatura topográfica completa Código de barras Visto por última vez Precio de reemplazo Tipo de ítem Koha
        Biblioteca del Ateneo de Madrid Biblioteca del Ateneo de Madrid Depósito 2 17/01/2008     E-11650 1130638 23/02/2023 23/02/2023 Libro impreso